000 00437nam a2200157 4500
001 120800
003 ES-MaACL
005 20230906191626.0
007 t|
008 070214q1972 brg r ||||1| spa d
100 1 _aPramov, Ivan.
_993650
245 1 3 _aLa economĂ­a rural bĂșlgara en la etapa actual /
_cIvan Pramov.
260 _aSofia :
_bSofia-Press,
_c[1972?]
300 _a102 p. ;
_c21 cm.
852 _aES-MaACL
_jA-8510
_bR.97678
999 _c120800
_d120800